| 000 | 00738nam a2200229 a 4500 | ||
|---|---|---|---|
| 001 | BRCA_5908 | ||
| 005 | 20190320205247.0 | ||
| 008 | 180311s1920----gw-a######---#000-0#ger-# | ||
| 041 | _ager | ||
| 044 | _agw | ||
| 050 | 4 |
_aNK7484 _b.B37 1920 |
|
| 100 | 1 |
_aBassermann-Jordan, Ernst von _d1876-1932 _914941 |
|
| 245 | 1 | 0 |
_aUhren _bein Handbuch fur Sammler und Liebhaber _cErnst von Bassermann-Jordan. |
| 260 |
_aBerlín _bRichard Carl Schmidt _c1920 |
||
| 300 |
_avii, 174 p. _bil., 120 láminas _c22 cm. |
||
| 440 | 0 |
_aBibliothek für kunst-und Antiquitätensammler _v7 _914942 |
|
| 500 | _aEstado físico: Lomo desprendido | ||
| 500 | _aG60 | ||
| 650 | 1 | 4 |
_aRelojes _xColeccionistas y colecciones _910324 |
| 902 | _aGFM | ||
| 942 |
_2lcc _cB |
||
| 999 |
_c5597 _d5597 |
||